[Event "110th Anniversary Open 2020"]
[Site "Hilleroed"]
[Date "2020.02.08"]
[Round "1.1"]
[White "Bronnum, Jan"]
[Black "Zeng, Chongsheng"]
[Result "0-1"]
[WhiteElo "2034"]
[BlackElo "2567"]
[Annotator "TA"]
[PlyCount "48"]
[EventDate "2020.02.08"]
[EventType "swiss"]
[EventCountry "DEN"]
[SourceTitle "playchess.com"]
[Source "ChessBase"]
[SourceQuality "1"]

{[%evp 12,48,0,0,2,0,6,-21,-23,-29,-33,-38,-23,-19,0,-14,-25,-93,-89,-104,-102,-105,-102,-135,-116,-125,-134,-135,-130,-135,-135,-137,-131,-146,-122,-237,-242,-329,-325]} 1. d4 Nf6 2. Bf4 e6 3. e3 b6 4. Nd2 Bb7 5. Ngf3 Be7 6. h3 O-O 7. Bd3 c5 $1 {7...c5 scores better than 7...d5. A47: 1 d4 Nf6 2 Nf3 b6: Torre, London and Colle Systems.} 8. O-O d6 9. Qe2 Nd5 {The position is equal.} 10. c3 {[#]} cxd4 $146 ({Predecessor:} 10... Nxf4 11. exf4 cxd4 12. Nxd4 Nd7 13. Rfe1 Bf6 14. N2f3 Re8 15. Be4 Bxe4 16. Qxe4 d5 {1-0 (34) Pozin,S (2452)-Shutukov,S (2327) Khanty-Mansiysk 2007}) 11. cxd4 Nxf4 12. exf4 g6 13. Rfc1 Bf6 14. Bb5 (14. Be4 $11 {keeps the balance.} d5 15. Bd3) 14... a6 $17 15. Ba4 b5 16. Bb3 Nc6 17. Ne4 Nxd4 18. Nxf6+ Qxf6 19. Nxd4 Qxd4 20. Rc7 {[#]} Qb6 $1 {[%cal Rb6c7]} 21. Rc3 Rac8 22. Rd3 a5 {[%cal Ba6a5,Ba5a4][%mdl 32]} 23. Rad1 (23. Qd2 $17) 23... Qc6 $19 {[%csl Gb7][%cal Rc6g2]} 24. f3 a4 {Accuracy: White = 53%, Black = 100%.} 0-1

[Event "110th Anniversary Open 2020"]
[Site "Hilleroed"]
[Date "2020.02.08"]
[Round "1.2"]
[White "Gukesh D"]
[Black "Madsen, Michael Ole"]
[Result "1-0"]
[WhiteElo "2542"]
[BlackElo "2042"]
[Annotator "ChessBase"]
[PlyCount "69"]
[EventDate "2020.02.08"]
[EventType "swiss"]
[EventCountry "DEN"]
[SourceTitle "playchess.com"]
[Source "ChessBase"]
[SourceQuality "1"]
[TimeControl "40/5400+30:1800+30"]

1. Nf3 {[%emt 0:00:00]} Nf6 {[%emt 0:00:22]} 2. g3 {[%emt 0:00:30]} d5 {[%emt 0:00:11]} 3. Bg2 {[%emt 0:00:08]} c6 {[%emt 0:00:24]} 4. O-O {[%emt 0:00:12]} Bf5 {[%emt 0:00:04]} 5. d3 {[%emt 0:00:31]} h6 {[%emt 0:00:12]} 6. c4 {[%emt 0:00:54]} e6 {[%emt 0:03:40]} 7. cxd5 {[%emt 0:00:07]} exd5 {[%emt 0:00:25]} 8. Nc3 {[%emt 0:00:57]} Be7 {[%emt 0:01:35]} 9. Qb3 {[%emt 0:03:55]} Qb6 {[%emt 0:02:00]} 10. Qc2 {[%emt 0:00:08]} O-O {[%emt 0:01:30]} 11. e4 {[%emt 0:00:10]} dxe4 {[%emt 0:00:44]} 12. dxe4 {[%emt 0:00:10]} Bh7 {[%emt 0:00:39]} 13. Be3 {[%emt 0:05:05]} Qc7 {[%emt 0:07:11]} 14. Rad1 {[%emt 0:06:54]} Na6 {[%emt 0:03:16]} 15. Qe2 {[%emt 0:03:59]} Bb4 {[%emt 0:09:17]} 16. Nd4 {[%emt 0:05:22]} Bxc3 {[%emt 0:08:32]} 17. bxc3 {[%emt 0:00:11]} Rfe8 {[%emt 0:00:57]} 18. f3 {[%emt 0:01:04]} Rad8 {[%emt 0:01:47]} 19. Bh3 {[%emt 0:08:41]} Qa5 {[%emt 0:05:51]} 20. Qb2 {[%emt 0:04:21]} Qh5 {[%emt 0:03:52]} 21. Bg2 {[%emt 0:01:39]} c5 {[%emt 0:02:38]} 22. Ne2 {[%emt 0:02:00]} b6 {[%emt 0:08:29]} 23. c4 {[%emt 0:03:53]} Rxd1 {[%emt 0:07:42]} 24. Rxd1 {[%emt 0:00:06]} Nb4 {[%emt 0:01:10]} 25. Bf4 {[%emt 0:02:55]} Nc6 {[%emt 0:07:55]} 26. g4 {[%emt 0:04:42]} Nxg4 {[%emt 0:01:35]} 27. fxg4 {[%emt 0:00:12]} Qxg4 {[%emt 0:00:06]} 28. h3 {[%emt 0:02:07]} Qh4 {[%emt 0:03:12]} 29. Bg3 {[%emt 0:00:30]} Qg5 {[%emt 0:00:48]} 30. Rd5 {[%emt 0:02:42]} f5 {[%emt 0:05:15]} 31. Kh2 {[%emt 0:02:37]} Qe7 {[%emt 0:02:05]} 32. Rd6 {[%emt 0:06:18]} Na5 {[%emt 0:03:01]} 33. e5 {[%emt 0:00:16]} Nb7 {[%emt 0:01:41]} 34. Bd5+ {[%emt 0:00:19]} Kh8 {[%emt 0:02:03]} 35. Re6 {[%emt 0:00:06]} 1-0

[Event "110th Anniversary Open 2020"]
[Site "Hilleroed"]
[Date "2020.02.08"]
[Round "1.4"]
[White "Kristiansen, Jens"]
[Black "Jensen, Thore Nyboe"]
[Result "1/2-1/2"]
[WhiteElo "2406"]
[BlackElo "2006"]
[Annotator "ChessBase"]
[PlyCount "108"]
[EventDate "2020.02.08"]
[EventType "swiss"]
[EventCountry "DEN"]
[SourceTitle "playchess.com"]
[Source "ChessBase"]
[SourceQuality "1"]
[TimeControl "40/5400+30:1800+30"]

1. Nf3 {[%emt 0:00:00]} c5 {[%emt 0:00:03]} 2. g3 {[%emt 0:00:00]} Nf6 {[%emt 0:05:25]} 3. Bg2 {[%emt 0:00:15]} d5 {[%emt 0:00:32]} 4. O-O {[%emt 0:00:14]} g6 {[%emt 0:07:33]} 5. d3 {[%emt 0:01:53]} Bg7 {[%emt 0:00:07]} 6. Nbd2 {[%emt 0:00:37]} Nc6 {[%emt 0:03:18]} 7. e4 {[%emt 0:00:23]} O-O {[%emt 0:02:10]} 8. c3 {[%emt 0:04:23]} dxe4 {[%emt 0:17:56]} 9. dxe4 {[%emt 0:00:26]} Qc7 {[%emt 0:01:19]} 10. Re1 {[%emt 0:03:15]} Ng4 {[%emt 0:17:44]} 11. Nc4 {[%emt 0:05:13]} Rd8 {[%emt 0:09:21]} 12. Qe2 {[%emt 0:01:21]} b6 {[%emt 0:04:16]} 13. h3 {[%emt 0:09:45]} Nge5 {[%emt 0:00:24]} 14. Nfxe5 {[%emt 0:02:39]} Nxe5 {[%emt 0:00:08]} 15. Ne3 {[%emt 0:05:21]} e6 {[%emt 0:01:00]} 16. f4 {[%emt 0:01:27]} Nd3 {[%emt 0:03:53]} 17. Rd1 {[%emt 0:00:25]} Ba6 {[%emt 0:01:11]} 18. Bd2 {[%emt 0:08:16]} Rd7 {[%emt 0:02:09]} 19. e5 {[%emt 0:02:30]} Rad8 {[%emt 0:00:42]} 20. Be1 {[%emt 0:04:32]} c4 {[%emt 0:10:47]} 21. b4 {[%emt 0:09:28]} cxb3 {[%emt 0:05:23]} 22. axb3 {[%emt 0:00:30]} Nxe1 {[%emt 0:00:48]} 23. Rxd7 {[%emt 0:02:38]} Rxd7 {[%emt 0:01:49]} 24. Qxe1 {[%emt 0:00:22]} Bb5 {[%emt 0:00:56]} 25. c4 {[%emt 0:04:51]} Bc6 {[%emt 0:00:18]} 26. Rd1 {[%emt 0:00:29]} Bxg2 {[%emt 0:01:36]} 27. Kxg2 {[%emt 0:01:43]} h5 {[%emt 0:01:27]} 28. Rxd7 {[%emt 0:03:59]} Qxd7 {[%emt 0:00:02]} 29. Qd1 {[%emt 0:00:10]} Qxd1 {[%emt 0:00:51]} 30. Nxd1 {[%emt 0:00:06]} f6 {[%emt 0:00:42]} 31. exf6 {[%emt 0:00:37]} Bxf6 {[%emt 0:00:02]} 32. Nf2 {[%emt 0:03:07]} Kf7 {[%emt 0:01:35]} 33. Nd3 {[%emt 0:01:07]} Bd4 {[%emt 0:00:32]} 34. Kf3 {[%emt 0:00:14]} Kf6 {[%emt 0:00:10]} 35. Ke4 {[%emt 0:00:27]} Bc3 {[%emt 0:00:20]} 36. b4 {[%emt 0:04:22]} a5 {[%emt 0:00:18]} 37. c5 {[%emt 0:00:55]} b5 {[%emt 0:01:08]} 38. bxa5 {[%emt 0:01:06]} Bxa5 {[%emt 0:00:02]} 39. Kd4 {[%emt 0:03:32]} g5 {[%emt 0:01:00]} 40. fxg5+ {[%emt 0:08:30]} Kxg5 {[%emt 0:00:02]} 41. Nf2 {[%emt 0:36:26]} Kf6 {[%emt 0:08:03]} 42. Ne4+ {[%emt 0:00:00]} Ke7 {[%emt 0:00:12]} 43. g4 {[%emt 0:00:00]} hxg4 {[%emt 0:01:07]} 44. hxg4 {[%emt 0:00:00]} Bc7 {[%emt 0:07:30]} 45. Nc3 {[%emt 0:00:00]} Bg3 {[%emt 0:10:29]} 46. Ne4 {[%emt 0:00:00]} Bc7 {[%emt 0:03:18]} 47. g5 {[%emt 0:00:00]} Kf7 {[%emt 0:01:31]} 48. Nd6+ {[%emt 0:00:00]} Kg6 {[%emt 0:00:10]} 49. Nxb5 {[%emt 0:00:00]} Bb8 {[%emt 0:01:04]} 50. c6 {[%emt 0:00:00]} Kxg5 {[%emt 0:00:19]} 51. Kc5 {[%emt 0:00:00]} Kf6 {[%emt 0:01:22]} 52. Nd6 {[%emt 0:00:00]} Ke7 {[%emt 0:00:13]} 53. Ne4 {[%emt 0:00:00]} Bc7 {[%emt 0:00:51]} 54. Kb5 {[%emt 0:00:00]} Kd8 {[%emt 0:00:53]} 1/2-1/2

[Event "110th Anniversary Open 2020"]
[Site "Hilleroed"]
[Date "2020.02.08"]
[Round "1.6"]
[White "Nilssen, John Arni"]
[Black "Ramkilde, Mikael"]
[Result "1-0"]
[WhiteElo "2333"]
[BlackElo "1951"]
[Annotator "ChessBase"]
[PlyCount "85"]
[EventDate "2020.02.08"]
[EventType "swiss"]
[EventCountry "DEN"]
[SourceTitle "playchess.com"]
[Source "ChessBase"]
[SourceQuality "1"]
[TimeControl "40/5400+30:1800+30"]

1. d4 {[%emt 0:00:00]} c5 {[%emt 0:00:00]} 2. d5 {[%emt 0:00:00]} Nf6 {[%emt 0:00:00]} 3. c4 {[%emt 0:00:00]} b5 {[%emt 0:00:00]} 4. cxb5 {[%emt 0:00:00]} a6 {[%emt 0:00:07]} 5. b6 {[%emt 0:00:00]} d6 {[%emt 0:00:11]} 6. Nc3 {[%emt 0:00:08]} g6 {[%emt 0:00:17]} 7. a4 {[%emt 0:00:10]} Qxb6 {[%emt 0:00:31]} 8. a5 {[%emt 0:00:11]} Qb7 {[%emt 0:01:01]} 9. e4 {[%emt 0:00:36]} Bg7 {[%emt 0:00:53]} 10. Bc4 {[%emt 0:00:16]} O-O {[%emt 0:01:02]} 11. Nge2 {[%emt 0:00:08]} Ne8 {[%emt 0:04:47]} 12. O-O {[%emt 0:00:33]} Nd7 {[%emt 0:01:20]} 13. f4 {[%emt 0:00:19]} f5 {[%emt 0:02:27]} 14. e5 {[%emt 0:10:26]} Nc7 {[%emt 0:05:16]} 15. Qd3 {[%emt 0:03:53]} Kh8 {[%emt 0:02:11]} 16. e6 {[%emt 0:00:47]} Nf6 {[%emt 0:00:25]} 17. Rd1 {[%emt 0:01:11]} Rb8 {[%emt 0:03:11]} 18. h3 {[%emt 0:05:56]} Qa7 {[%emt 0:02:08]} 19. Kh2 {[%emt 0:04:44]} Bb7 {[%emt 0:01:05]} 20. Be3 {[%emt 0:00:36]} Qa8 {[%emt 0:01:21]} 21. Rab1 {[%emt 0:04:30]} Nxe6 {[%emt 0:06:13]} 22. dxe6 {[%emt 0:04:18]} Bxg2 {[%emt 0:00:24]} 23. Ng3 {[%emt 0:29:15]} Rb4 {[%emt 0:08:39]} 24. Rd2 {[%emt 0:06:30]} Bc6 {[%emt 0:04:32]} 25. Rbd1 {[%emt 0:05:11]} Rfb8 {[%emt 0:03:45]} 26. b3 {[%emt 0:04:54]} Bb5 {[%emt 0:01:59]} 27. Bxb5 {[%emt 0:11:23]} axb5 {[%emt 0:00:16]} 28. Na2 {[%emt 0:00:14]} c4 {[%emt 0:01:34]} 29. bxc4 {[%emt 0:00:07]} bxc4 {[%emt 0:00:11]} 30. Qe2 {[%emt 0:00:16]} Rb3 {[%emt 0:04:30]} 31. Bb6 {[%emt 0:00:52]} Rc8 {[%emt 0:05:33]} 32. Rc2 {[%emt 0:02:14]} Qc6 {[%emt 0:04:16]} 33. Bd4 {[%emt 0:01:01]} Kg8 {[%emt 0:03:11]} 34. Nc3 {[%emt 0:00:45]} h6 {[%emt 0:05:47]} 35. Qg2 {[%emt 0:03:34]} Qa6 {[%emt 0:03:40]} 36. Bxf6 {[%emt 0:00:20]} exf6 {[%emt 0:01:28]} 37. Nd5 {[%emt 0:00:14]} Kh7 {[%emt 0:02:06]} 38. Nxf5 {[%emt 0:01:06]} g5 {[%emt 0:04:29]} 39. Qe4 {[%emt 0:00:31]} Kh8 {[%emt 0:01:59]} 40. e7 {[%emt 0:00:38]} Qc6 {[%emt 0:01:36]} 41. Qe6 {[%emt 0:31:08]} c3 {[%emt 0:33:39]} 42. Qf7 {[%emt 0:01:06]} Rg8 {[%emt 0:00:05]} 43. Nxf6 {[%emt 0:00:30]} 1-0

[Event "110th Anniversary Open 2020"]
[Site "Hilleroed"]
[Date "2020.02.08"]
[Round "1.8"]
[White "Stanford, Maxim Barth"]
[Black "Marshall, Michael"]
[Result "1-0"]
[WhiteElo "2339"]
[BlackElo "1863"]
[Annotator "ChessBase"]
[PlyCount "71"]
[EventDate "2020.02.08"]
[EventType "swiss"]
[EventCountry "DEN"]
[SourceTitle "playchess.com"]
[Source "ChessBase"]
[SourceQuality "1"]
[TimeControl "40/5400+30:1800+30"]

1. Nf3 {[%emt 0:00:00]} d5 {[%emt 0:00:33]} 2. c4 {[%emt 0:00:04]} e6 {[%emt 0:00:35]} 3. g3 {[%emt 0:00:15]} Nf6 {[%emt 0:00:29]} 4. Bg2 {[%emt 0:00:11]} c5 {[%emt 0:00:57]} 5. cxd5 {[%emt 0:00:43]} exd5 {[%emt 0:00:14]} 6. d4 {[%emt 0:00:18]} Nc6 {[%emt 0:01:36]} 7. O-O {[%emt 0:00:20]} h6 {[%emt 0:07:08]} 8. Nc3 {[%emt 0:04:25]} Be7 {[%emt 0:01:20]} 9. dxc5 {[%emt 0:00:45]} Bxc5 {[%emt 0:00:20]} 10. Na4 {[%emt 0:00:16]} Be7 {[%emt 0:01:01]} 11. Be3 {[%emt 0:00:50]} O-O {[%emt 0:02:02]} 12. Bc5 {[%emt 0:03:00]} Bxc5 {[%emt 0:09:26]} 13. Nxc5 {[%emt 0:00:48]} Re8 {[%emt 0:03:59]} 14. Re1 {[%emt 0:02:54]} b6 {[%emt 0:06:24]} 15. Nb3 {[%emt 0:01:16]} Bb7 {[%emt 0:04:50]} 16. Nbd4 {[%emt 0:00:39]} Qd7 {[%emt 0:01:29]} 17. Nxc6 {[%emt 0:01:24]} Bxc6 {[%emt 0:00:20]} 18. Nd4 {[%emt 0:00:41]} Bb7 {[%emt 0:00:48]} 19. Rc1 {[%emt 0:05:03]} Rac8 {[%emt 0:05:10]} 20. Qb3 {[%emt 0:01:59]} Ne4 {[%emt 0:07:25]} 21. Qa3 {[%emt 0:04:22]} Rxc1 {[%emt 0:07:11]} 22. Rxc1 {[%emt 0:00:15]} Ra8 {[%emt 0:02:59]} 23. f3 {[%emt 0:03:47]} Nf6 {[%emt 0:01:09]} 24. Rc3 {[%emt 0:01:06]} Ne8 {[%emt 0:06:53]} 25. Bf1 {[%emt 0:07:28]} Nd6 {[%emt 0:01:33]} 26. b3 {[%emt 0:06:01]} a5 {[%emt 0:15:08]} 27. Bh3 {[%emt 0:05:59]} Nb5 {[%emt 0:04:49]} 28. Bxd7 {[%emt 0:00:40]} Nxa3 {[%emt 0:00:02]} 29. Rc7 {[%emt 0:00:27]} Ba6 {[%emt 0:02:05]} 30. Bc6 {[%emt 0:01:30]} Rd8 {[%emt 0:01:07]} 31. Ra7 {[%emt 0:00:40]} Bxe2 {[%emt 0:02:06]} 32. Nxe2 {[%emt 0:00:06]} d4 {[%emt 0:00:44]} 33. Ra8 {[%emt 0:00:21]} Rxa8 {[%emt 0:00:06]} 34. Bxa8 {[%emt 0:00:06]} d3 {[%emt 0:00:34]} 35. Nc3 {[%emt 0:00:08]} d2 {[%emt 0:01:13]} 36. Kf2 {[%emt 0:49:13]} 1-0

[Event "110th Anniversary Open 2020"]
[Site "Hilleroed"]
[Date "2020.02.08"]
[Round "1.9"]
[White "Vedant Kumar Saravana"]
[Black "Sylvan, Jacob"]
[Result "0-1"]
[WhiteElo "1750"]
[BlackElo "2335"]
[Annotator "NA"]
[PlyCount "52"]
[EventDate "2020.02.08"]
[EventType "swiss"]
[EventCountry "DEN"]
[SourceTitle "playchess.com"]
[Source "ChessBase"]
[SourceQuality "1"]
[TimeControl "40/5400+30:1800+30"]

1. e4 {[%emt 0:00:00]} c5 {[%emt 0:00:00]} 2. Nf3 {[%emt 0:00:00]} Nc6 {[%emt 0:00:30]} 3. Bb5 {[%emt 0:00:00]} g6 {[%emt 0:00:09]} 4. Bxc6 {[%emt 0:00:45]} dxc6 {[%emt 0:00:06]} 5. Nc3 {[%emt 0:00:18]} Bg7 {[%emt 0:00:08]} 6. O-O {[%emt 0:00:23]} Nf6 {[%emt 0:01:11]} 7. d3 {[%emt 0:00:30]} Nd7 {[%emt 0:00:54] B31: Sicilian: 2...Nc6 3 Bb5 g6.} 8. Be3 {[%emt 0:01:18]} e5 {[%emt 0:01:13] [#]} 9. Qc1 $146 {[%emt 0:00:26]} ({Predecessor:} 9. Qd2 h6 10. h3 b6 11. Nh2 Nf8 12. f4 exf4 13. Rxf4 Be6 14. Rf2 g5 15. Nf3 {½-½ (45) Megaranto,S (2548)-Raghunandan,K (2442) Yogyakarta 2019}) 9... h6 {[%emt 0:00:43]} 10. Ne2 {[%emt 0:00:47]} f5 {[%emt 0:05:07]} 11. Bd2 {[%emt 0:01:49]} f4 {[%emt 0:03:13]} 12. Bc3 {[%emt 0:00:21]} Qe7 {[%emt 0:02:08]} 13. b3 {[%emt 0:04:57]} g5 {[%emt 0:02:47]} 14. Qd2 {[%emt 0:05:19]} ({Better is} 14. Nd2 $15) 14... g4 {[%emt 0:02:36]} 15. Ne1 {[%emt 0:01:39]} Nf8 {[%emt 0:00:31]} 16. f3 {[%emt 0:00:46]} h5 {[%emt 0:04:24]} 17. Bb2 {[%emt 0:09:00]} Ng6 {[%emt 0:02:22]} 18. c3 {[%emt 0:00:40]} Be6 {[%emt 0:01:36]} 19. d4 {[%emt 0:00:44]} O-O-O {[%emt 0:01:13]} 20. Nc2 {[%emt 0:04:40]} Nh4 {[%emt 0:05:52]} 21. Ne1 {[%emt 0:04:42]} Rhg8 {[%emt 0:01:35]} 22. Kh1 {[%emt 0:00:30]} Bh8 {[%emt 0:06:15]} 23. Rg1 {[%emt 0:01:00]} g3 {[%emt 0:00:42]} 24. hxg3 {[%emt 0:01:38]} fxg3 {[%emt 0:00:43]} 25. Qe3 {[%emt 0:03:07] [#]} Nf5 {[%emt 0:00:53] Clearance} 26. exf5 {[%emt 0:03:10]} Qh4# {[%emt 0:00:10]} 0-1

[Event "110th Anniversary Open 2020"]
[Site "Hilleroed"]
[Date "2020.02.08"]
[Round "1.10"]
[White "Jacobsen, Mikkel Manosri"]
[Black "Andersen, Daniel"]
[Result "1-0"]
[WhiteElo "2315"]
[BlackElo "1806"]
[Annotator "NA"]
[PlyCount "55"]
[EventDate "2020.02.08"]
[EventType "swiss"]
[EventCountry "DEN"]
[SourceTitle "playchess.com"]
[Source "ChessBase"]
[SourceQuality "1"]
[TimeControl "40/5400+30:1800+30"]

1. d4 {[%emt 0:00:00]} Nf6 {[%emt 0:00:00]} 2. c4 {[%emt 0:00:00]} g6 {[%emt 0:00:00]} 3. h4 {[%emt 0:00:00]} h5 {[%emt 0:00:30]} 4. Nc3 {[%emt 0:04:42]} d5 {[%emt 0:01:24]} 5. Bg5 {[%emt 1:27:48]} dxc4 {[%emt 0:01:01]} 6. e4 {[%emt 0:00:00] E60: King's Indian: Unusual lines and Fianchetto Variation without Nc3.} Bg7 {[%emt 0:00:36]} 7. Bxc4 {[%emt 0:00:00]} O-O {[%emt 0:00:34]} 8. Nge2 {[%emt 0:00:00]} c5 {[%emt 0:01:01]} 9. d5 {[%emt 0:00:00]} Nbd7 {[%emt 0:00:51] [#]} 10. Bb3 $146 {[%emt 0:00:00]} ({Predecessor:} 10. f4 Nb6 11. Bb3 Bg4 12. e5 Nh7 13. d6 Nxg5 14. dxe7 Qxe7 15. hxg5 c4 16. Bc2 {0-1 (33) Kadas,G (2229)-Simai,L (2059) Ajka 2004}) 10... a6 {[%emt 0:00:28]} 11. f4 {[%emt 0:00:00] [#]} Ng4 {[%emt 0:02:58]} (11... c4 $1 $17 {[%mdl 512]} 12. Bxc4 b5) 12. d6 {[%emt 0:00:00]} Bf6 {[%emt 0:00:51]} 13. e5 {[%emt 0:00:00]} Bxg5 {[%emt 0:00:23]} 14. hxg5 {[%emt 0:00:00]} exd6 {[%emt 0:00:19]} 15. Qxd6 {[%emt 0:00:00]} Qb6 {[%emt 0:01:03]} 16. Qxb6 {[%emt 0:00:00]} (16. O-O-O $16) 16... Nxb6 {[%emt 0:00:13]} 17. Ne4 {[%emt 0:00:00]} c4 {[%emt 0:01:58]} 18. Bc2 {[%emt 0:00:00]} Ne3 {[%emt 0:02:00]} 19. Nf6+ {[%emt 0:00:00]} Kg7 {[%emt 0:00:40]} 20. Be4 {[%emt 0:00:00]} Bf5 {[%emt 0:04:05]} 21. Bxf5 {[%emt 0:00:00]} Nxf5 {[%emt 0:00:12]} 22. g4 {[%emt 0:00:00]} Ne3 {[%emt 0:00:59]} 23. gxh5 {[%emt 0:00:00]} Nc2+ {[%emt 0:01:54]} 24. Kf2 {[%emt 0:00:00]} Nxa1 {[%emt 0:00:05]} 25. h6+ {[%emt 0:00:00]} Kh8 {[%emt 0:00:21]} 26. f5 {[%emt 0:00:00]} Nc2 {[%emt 0:01:45]} 27. Nf4 {[%emt 0:00:00]} Rg8 {[%emt 0:01:13]} 28. e6 $18 {[%emt 0:00:00]} 1-0

[Event "110th Anniversary Open 2020"]
[Site "Hilleroed"]
[Date "2020.02.08"]
[Round "1.11"]
[White "Lindgaard, Tobias Simon"]
[Black "Siva Mahadevan"]
[Result "0-1"]
[WhiteElo "1768"]
[BlackElo "2310"]
[Annotator "ChessBase"]
[PlyCount "46"]
[EventDate "2020.02.08"]
[EventType "swiss"]
[EventCountry "DEN"]
[SourceTitle "playchess.com"]
[Source "ChessBase"]
[SourceQuality "1"]
[TimeControl "40/5400+30:1800+30"]

1. Nc3 {[%emt 0:00:00]} c5 {[%emt 0:00:07]} 2. d3 {[%emt 0:00:16]} Nc6 {[%emt 0:00:23]} 3. g3 {[%emt 0:00:12]} g6 {[%emt 0:02:24]} 4. Bg2 {[%emt 0:00:52]} Bg7 {[%emt 0:00:03]} 5. e4 {[%emt 0:02:02]} d6 {[%emt 0:00:07]} 6. f4 {[%emt 0:01:12]} e6 {[%emt 0:00:10]} 7. Nge2 {[%emt 0:02:01]} Nge7 {[%emt 0:00:16]} 8. O-O {[%emt 0:01:08]} O-O {[%emt 0:00:19]} 9. g4 {[%emt 0:04:33]} f5 {[%emt 0:00:35]} 10. h3 {[%emt 0:02:19]} Rb8 {[%emt 0:00:26]} 11. Be3 {[%emt 0:05:28]} b5 {[%emt 0:08:55]} 12. Qe1 {[%emt 0:05:09]} b4 {[%emt 0:08:21]} 13. Nd1 {[%emt 0:00:12]} a5 {[%emt 0:03:18]} 14. g5 {[%emt 0:01:25]} a4 {[%emt 0:04:42]} 15. Rb1 {[%emt 0:00:49]} Ba6 {[%emt 0:01:34]} 16. b3 {[%emt 0:05:05]} axb3 {[%emt 0:01:36]} 17. axb3 {[%emt 0:00:17]} fxe4 {[%emt 0:01:21]} 18. dxe4 {[%emt 0:05:00]} Nd4 {[%emt 0:00:26]} 19. Nxd4 {[%emt 0:05:16]} cxd4 {[%emt 0:00:12]} 20. Bd2 {[%emt 0:00:29]} Bxf1 {[%emt 0:00:31]} 21. Bxf1 {[%emt 0:00:30]} e5 {[%emt 0:00:40]} 22. fxe5 {[%emt 0:01:56]} Bxe5 {[%emt 0:00:28]} 23. Nf2 {[%emt 0:00:35]} Bg3 {[%emt 0:00:13]} 0-1

[Event "110th Anniversary Open 2020"]
[Site "Hilleroed"]
[Date "2020.02.09"]
[Round "3.1"]
[White "Larsen, Karsten"]
[Black "Zeng, Chongsheng"]
[Result "0-1"]
[WhiteElo "2235"]
[BlackElo "2567"]
[Annotator "TA"]
[PlyCount "68"]
[EventDate "2020.02.08"]
[EventType "swiss"]
[EventCountry "DEN"]
[SourceTitle "playchess.com"]
[Source "ChessBase"]
[SourceQuality "1"]

{[%evp 11,68,26,23,20,31,8,-15,-14,-7,-12,0,-46,-41,-37,-41,-33,-35,-18,-25,-87,-52,-134,-142,-144,-144,-171,-167,-169,-160,-146,-83,-74,-83,-82,-71,-81,0,0,0,0,-7,-39,0,-12,0,0,0,-87,-77,-109,-111,-506,-487,-481,-492,-469,-460,-647,-640]} 1. e4 c5 2. Nf3 d6 3. Bb5+ Nd7 4. c3 Ngf6 5. Qe2 a6 6. Ba4 e5 7. Bc2 {B51: Sicilian: Moscow Variation (3 Bb5+) without 3...Bd7.} g6 8. O-O Bg7 9. d4 {The position is equal.} exd4 10. cxd4 O-O {[#]} 11. Rd1 $146 ({Predecessor:} 11. Nc3 b5 12. e5 dxe5 13. dxe5 Re8 14. Rd1 Bb7 15. Ne4 Nxe4 16. Bxe4 Bxe4 17. Qxe4 Qc7 18. e6 fxe6 19. Bf4 Qa7 20. Rd6 Nf8 {½-½ (20) De la Riva Aguado,O (2463)-Li,M (2466) Agneaux 2019}) 11... Re8 12. Nc3 b5 13. dxc5 dxc5 14. Bf4 Bb7 15. e5 (15. Ne5 $11 {remains equal.}) 15... Nh5 16. Be3 (16. g3 $1 $15) 16... Bxf3 $17 17. Qxf3 {aiming for Qb7.} Nxe5 18. Qe2 Qh4 19. Be4 Rac8 {...Ng4 is the strong threat.} 20. g3 Qh3 ({Better is} 20... Qg4 {Strongly threatening ...b4.} 21. Bb7 Qxe2 22. Nxe2 Rb8) 21. Bg2 Qg4 22. Qf1 Nf3+ 23. Kh1 Nd4 (23... Bxc3 $17 24. Bh3 Qe4 25. bxc3 Ne5+ 26. Kg1 Nf3+ 27. Kh1 Nh4+ 28. Kg1 Nf3+ 29. Kh1) 24. Bh3 $1 $11 {[%cal Rh3g4]} Qf3+ 25. Bg2 Qf6 {next ...Nc2 is good for Black.} 26. Nd5 Qe6 27. Rac1 Nf6 $36 {[%mdl 2048] Black has good play.} 28. Bxd4 cxd4 29. Rxc8 (29. Nc7 $11 Rxc7 30. Rxc7) 29... Qxc8 $17 ({And not} 29... Rxc8 30. Re1 $16) 30. Rxd4 Qc2 $1 31. Rd1 $2 {[%mdl 8192] [#]} (31. Nxf6+ $17 Bxf6 32. Rd7) 31... Ng4 $1 $19 {[%cal Rg4f2] Black is clearly winning.} 32. Kg1 {[#]} Nxf2 $1 {[%mdl 512]} 33. Rc1 (33. Qxf2 Qxd1+) 33... Qxb2 34. Rb1 (34. h3 $142) 34... Qxa2 {Accuracy: White = 50%, Black = 81%.} 0-1